Economic Growth (Record no. 2479)

000 -LEADER
fixed length control field 00285nam a22001337a 4500
003 - CONTROL NUMBER IDENTIFIER
control field nust
005 - DATE AND TIME OF LATEST TRANSACTION
control field 20170224113203.0
008 - FIXED-LENGTH DATA ELEMENTS--GENERAL INFORMATION
fixed length control field
020 ## - INTERNATIONAL STANDARD BOOK NUMBER
International Standard Book Number 9788131724811
040 ## - CATALOGING SOURCE
Transcribing agency 0
082 ## - DEWEY DECIMAL CLASSIFICATION NUMBER
Classification number 338.9
100 ## - MAIN ENTRY--PERSONAL NAME
Personal name Weil, David N.
245 ## - TITLE STATEMENT
Title Economic Growth
Statement of responsibility, etc. Weil, David N.
250 ## - EDITION STATEMENT
Edition statement 2nd
260 ## - PUBLICATION, DISTRIBUTION, ETC.
Place of publication, distribution, etc. South Asia
Name of publisher, distributor, etc. Dorling Kindersley
Date of publication, distribution, etc. 2013
300 ## - PHYSICAL DESCRIPTION
Extent 565p
942 ## - ADDED ENTRY ELEMENTS (KOHA)
Koha item type Book
Source of classification or shelving scheme
Holdings
Withdrawn status Lost status Damaged status Not for loan Collection code Permanent Location Current Location Shelving location Date acquired Total Checkouts Full call number Barcode Date last seen Price effective from Koha item type Date last checked out Source of classification or shelving scheme Total Renewals
          Central Library (CL) Central Library (CL) General Stacks 01/20/2016   338.9 WEI S3H-S-616 12/24/2018 01/20/2016 Book      
          Central Library (CL) Central Library (CL) General Stacks 01/20/2016 1 338.9 WEI S3H-S-615 11/23/2023 01/20/2016 Book 02/27/2023    
          Central Library (CL) Central Library (CL) General Stacks 11/24/2016   338.9 WEI S3H-N-1264 02/28/2023 11/24/2016 Book      
          Central Library (CL) Central Library (CL) General Stacks 01/17/2017 3 338.9 WEI S3H-S-68 09/20/2021 01/17/2017 Book 10/14/2020   3
© 2023 Central Library, National University of Sciences and Technology. All Rights Reserved.